00966nam a22002177a 450000500170000000800410001702000180005804000070007604100080008308200200009110000210011124500610013226000440019330000290023736500340026652003820030065000210068265000200070365000140072365000110073720250812154357.0231122b ||||| |||| 00| 0 eng d a9788195680771 cAL aeng 223a275.4bFRAP aEdmund J B Frank aPride of Kanara True Son of Indiab: Fr Jerome Dsouza SJ aMangalurubSt Aloysius Prakashanac2023 aviii,134p.bPBc21x14cm. 2Religionb200.00c₹d200.00 aThis book takes the reader on a journey giving him glances and important updates into the life story and contributions of Fr Jerome in the making of India's Constitution as a member of the Constituent Assembly and his role in securing the Fundamental Rights and Minority Rights which have left a permanent impact on the contemporary Indian political and constitutional history. aChristian Leader aPride of canara aBiography aJesuit